000 00266nam a22001217a 4500
008 190304b xxu||||| |||| 00| 0 eng d
041 _aeng
080 _25th
_a540
100 _a12
101 _aKIM
245 _aThe Chemical Industry Facts Book
942 _2udc
_cBK
999 _c54409
_d54409